000 01169cam a22002771 4500
001 gs 37000138
003 DLC
005 20260227111341.0
008 761111s1937 oncbef b 000 0 eng c
010 _ags 37000138
035 _a(OCoLC)2553250
040 _aU.S.Geol.survey. Library
_cOGraD
_dNSbSU
_dDLC
042 _apremarc
050 0 0 _aQE185
_b.A2 no. 205
100 1 _aKindle, Edward Darwin,
_d1906-
245 0 0 _aMineral resources of Terrace area, coast district, British Columbia,
_cby E. D. Kindle.
260 _aOttawa,
_bJ.O. Patenaude, I.S.O., printer to the King,
_c1937.
300 _a2 p. l., 60 p.
_bincl. illus., tables. fold. maps, fold. plan.
_c25 cm.
490 1 _aCanada. Geological Survey. Memoir 205
500 _aAt head of title: Canada. Department of mines and resources ... Mines and geology branch ... Bureau of geology and topography.
500 _aIn lower right corner of t.-p.: no.2433.
504 _aContains references.
650 0 _aMines and mineral resources
_zBritish Columbia.
740 0 _aTerrace area, Coast district, British Columbia, Mineral resources of.
830 0 _aMemoir (Geological Survey of Canada) ;
_v205
999 _c27354
_d27354